000 01508nam0a2200349 4500
001 RU\NLR\BIBL_A\022698689
005 20260303123153.0
010 _a978-5-17-178133-0
_92000
021 _aRU
_bКН-П-25-071083
_9КН-П-25-6882
035 _a(NLR Aleph) 022698689
090 _a13556370
_c13556370
100 _a20260112d2025 u y0rusy50 ca
101 0 _arus
102 _aRU
105 _aa j 000yy
181 0 _ai
_baxxe
182 0 _an
200 1 _aПчеловодство. Пасека
_eпрактическое пособие для начинающего пчеловода
_fВадим Тихомиров
203 _aТекст
_bвизуальный
_cнепосредственный
210 _aМосква
_cАСТ, Кладезь
_d2025
215 _a270, [1] с., [8] л. цв. ил.
_cил., табл.
_d22
225 1 _aФермер 2.0
_iПлан на все сезоны
333 _a12+
606 1 _aПасеки
_jПопулярные издания
_91364463
_3RU\NLR\AUTH\66571138
606 1 _aПчеловодство
_jПопулярные издания
_9998796
_3RU\NLR\AUTH\6660675
606 1 _aПчелы
_jПопулярные издания
_xУход и содержание
_92032572
_3RU\NLR\AUTH\66936414
686 1 _aП691я9
700 1 _7ca
_8rus
_aТихомиров
_bВ. В.
_cпчеловод
_gВадим Витальевич
_989970
_3RU\NLR\AUTH\77107045
942 _cBOOK
980 _aNB